01110cas a22002657ar450000500170000000800410001701000100005801100100006802200140007803500110009224500700010326000700017330000070024331000150025036200180026565000490028378001410033286600540047386600580052786600580058586600280064386600560067186600560072786600610078320220329143017.0001017c1998 cu qr pernn 0 b1 d a90634 a91606 a1562-3009 a10216600aFitosanidadc/por Instituto de Investigaciones de Sanidad Vegetal0 aLa Habana:bInstituto de Invetigaciones de Sanidad Vegetalc1998- av. aTrimestral av.7 n.2,2003.04aSanidad vegetalxPublicaciones periódicas. tCiencia y Tecnica en la Agricultura. Protección de Plantas v.1-13, 1978-1990 posteriormente : Protección de Plantas v.1-2, 1991-1992 av. 10 n. 1 (Marzo 2006) - v. 10 n. 2 (Junio 2006) av. 11 n. 1 (Marzo 2007) - v. 11 n. 4 (Diciembre 2007) av. 12 n. 2 (Junio 2008) - v. 12 n. 4 (Diciembre 2008) av. 13 n. 2 (Junio 2009) av. 4 n. 1 (Marzo 2000) - v. 6 n. 4 (Diciembre 2002) av. 7 n. 1 (Marzo 2003) - v. 7 n. 4 (Diciembre 2003) av. 8 n. 3 (Septiembre 2004) - v. 8 n. 4 (Diciembre 2004)